ბათუმის შოთა რუსთაველის სახელმწიფო უნივერსიტეტის ბიბლიოთეკა

Econometric Models and Economic Forecasts. (ბიბ.ჩანაწერი № 43818)

000 -LEADER
fixed length control field 00572nam a2200229Ia 4500
001 - CONTROL NUMBER
control field 10563
003 - CONTROL NUMBER IDENTIFIER
control field GE_BSU
008 - FIXED-LENGTH DATA ELEMENTS--GENERAL INFORMATION
fixed length control field 181216s||||||||xx |||||||||||||| ||und||
020 ## - INTERNATIONAL STANDARD BOOK NUMBER
International Standard Book Number 0070502080
040 ## - CATALOGING SOURCE
Transcribing agency GE_BSU
080 ## - UNIVERSAL DECIMAL CLASSIFICATION NUMBER
Universal Decimal Classification number 33.1
100 ## - MAIN ENTRY--PERSONAL NAME
Personal name Pindyck,Robert S. Rubinfeld,Daniel L.
245 ## - TITLE STATEMENT
Title Econometric Models and Economic Forecasts.
250 ## - EDITION STATEMENT
Edition statement Fourth Edition.
260 ## - PUBLICATION, DISTRIBUTION, ETC.
Place of publication, distribution, etc. Boston,Irwin.
260 ## - PUBLICATION, DISTRIBUTION, ETC.
Name of publisher, distributor, etc. Mc Graw-Hill.
260 ## - PUBLICATION, DISTRIBUTION, ETC.
Date of publication, distribution, etc. 1998.
300 ## - PHYSICAL DESCRIPTION
Extent 634p;22cm.
653 ## - INDEX TERM--UNCONTROLLED
Uncontrolled term Econometric Models and Economic Forecasts.
942 ## - ADDED ENTRY ELEMENTS (KOHA)
Koha item type წიგნი
ეგზემპლარები
Withdrawn status Lost status Damaged status Not for loan Date acquired Barcode Date last seen Price effective from Koha item type
        2018-12-17 12313 2018-12-17 2018-12-17 წიგნი